A resource book for reading. (Record no. 68043)
[ view plain ]
| 000 -LEADER | |
|---|---|
| fixed length control field | 00452 a2200157 4500 |
| 020 ## - INTERNATIONAL STANDARD BOOK NUMBER | |
| International Standard Book Number | 978-9937-5610-6-8 |
| 041 ## - LANGUAGE CODE | |
| Language code of text/sound track or separate title | Eng |
| 082 ## - DEWEY DECIMAL CLASSIFICATION NUMBER | |
| Classification number | 418.4 |
| Item number | R13e |
| 100 ## - MAIN ENTRY--PERSONAL NAME | |
| Personal name | Rai, Vishnu S., ed. |
| -- | Bhattacharya, Tapasi |
| 245 ## - TITLE STATEMENT | |
| Title | A resource book for reading. |
| 260 ## - PUBLICATION, DISTRIBUTION, ETC. | |
| Place of publication, distribution, etc. | Kathmandu: |
| Name of publisher, distributor, etc. | Bhundipuran Prakashan, |
| Date of publication, distribution, etc. | 2011 |
| 300 ## - PHYSICAL DESCRIPTION | |
| Extent | 344p. |
| 650 ## - SUBJECT ADDED ENTRY--TOPICAL TERM | |
| Topical term or geographic name entry element | English language |
| -- | Teaching |
| -- | Training methods |
| -- | Workshops 'teaching' |
| 653 ## - INDEX TERM--UNCONTROLLED | |
| Uncontrolled term | Readings |
| 942 ## - ADDED ENTRY ELEMENTS (KOHA) | |
| Source of classification or shelving scheme | Dewey Decimal Classification |
| Koha item type | General Collections |
| Withdrawn status | Lost status | Source of classification or shelving scheme | Damaged status | Not for loan | Home library | Current library | Shelving location | Date acquired | Total Checkouts | Total Renewals | Full call number | Barcode | Date last seen | Date last checked out | Price effective from | Koha item type |
|---|---|---|---|---|---|---|---|---|---|---|---|---|---|---|---|---|
| Dewey Decimal Classification | Tribhuvan University Central Library | Tribhuvan University Central Library | New Building | 09/24/2013 | 2 | 2 | 418.4 R13e | 147020 | 04/25/2018 | 02/02/2018 | 09/24/2013 | General Collections | ||||
| Dewey Decimal Classification | Tribhuvan University Central Library | Tribhuvan University Central Library | New Building | 09/24/2013 | 5 | 1 | 418.4 R13e | 147022 | 02/20/2019 | 02/18/2019 | 09/24/2013 | General Collections |
